000 00864nam a2200265 i 4500
001 bg
100 1 _aCUDNY, Konstanty
245 1 0 _aTechnologia konstrukcji okrętowych ze stopów aluminium /
_cKonstanty Cudny ; Politechnika Gdańska.
260 _aGdańsk :
_bWydaw. PG,
_c1996.
300 _a167 s. :
_bfot., rys., wykr. ;
_c24 cm.
504 _aBibliogr. s. 166-167.
521 _aSkrypt dla studentów Wydz. Oceanotechniki i Okrętownictwa.
650 9 _aKonstrukcje aluminiowe
_xstosowanie
650 9 _aKonstrukcje aluminiowe
_xtechnologia
650 9 _aStatki
_xbudowa i konstrukcje
650 9 _aStopy
_xzagadnienia
655 _aPodręczniki akademickie
020 _a8386537264
040 _cBPK
041 0 _apl
080 _a629.12:669.71](075.8)
920 _a83-86537-26-4
942 _cKS
008 s pl f |000 0 pol
999 _c24976
_d24976
856 _uhttp://koha.tu.koszalin.pl/cgi-bin/koha/opac-detail.pl?biblionumber=24976
_yKatalog online BPK